00573nam a2200217Ia 4500008004100000020001800041050002000059050001700079100001900096245004600115245003800161250001600199260001000215260002800225260000900253300001600262300001100278300001100289500002000300650003500320160901s9999 xx 000 0 und d a0-321-21055-7 aComSc QA 76.73  b.C15H36 2004 aHanly, Jeri R. aProblem solving and program design in C / cJeri R. Hanly, Elliot B. Koffman. a4th Edition aUSA : bPearson Education Inc., c2004 a879 pages : bill. ; c23 cm. aIncludes index. aC (Computer program language).